Les aliments les plus consommés en France - Statistiques

Statistiques générales
  • Ce quiz a été pris 2 011 fois
  • Le résultat moyen est 4 sur 10
Statistiques - réponses
Place Indice Réponse % Correct
1 P Pâtes
74%
2 R Riz
74%
3 P Pain
66%
4 F Fromage
58%
5 L Lait
55%
7 F Frites
30%
9 C Café
26%
8 C Cola
5%
10 BA Boisson alcoolisée
3%
6 PP Plat préparé
2%
Aucun quiz correspondant
Distribution des résultats
% des personnes avec chaque résultat
Percentile par nombre de réponses
Votre historique - résultats
Vous n’avez pas pris ce quiz